Szczegóły MARC21

Czas wolny dzieci i młodzieży /

003 -Nazwa inst., której nr kontr. jest w polu 001 [,]
    • @
    • Nazwa instytucji, której n kontrolny jest w polu 001
    • NUKAT
005 -DATA I CZAS OSTATNIEJ MODYFIKACJI [,]
    • @
    • pole kontrolne
    • 20241231095256.0
040 -Instytucja sporządzająca opis [ , ]
    • a
    • Instytucja, która sporządziła opis (NP)
    • KIEL 010/AS
    • c
    • Instytucja, która sporządziła rekord (NP)
    • KIEL 010/AS
    • d
    • Instytucja, która zmodyfikowała rekord (P)
    • KIEL 010/AS
    • d
    • Instytucja, która zmodyfikowała rekord (P)
    • KIEL 010/MSs
    • d
    • Instytucja, która zmodyfikowała rekord (P)
    • LUBL U/WAG
942 -Rodzaj dokumentu [ , ]
    • c
    • Rodzaj dokumentu
    • Książka
100 -Hasło główne - nazwa osobowa [1, ]
    • a
    • Nazwa osobowa (NP)
    • Dąbrowski, Zygmunt
    • d
    • Daty biograficzne (NP)
    • ( -2002).
    • 9
    • KHW
    • 399962
245 -Strefa tytułu i oznaczenia odpowiedzialności [1,0]
    • a
    • Tytuł
    • Czas wolny dzieci i młodzieży / Find
    • c
    • Pozostałe elementy strefy tytułu i oznaczenia odpowiedzialności (NP)
    • Zygmunt Dąbrowski.
260 -Strefa adresu wydawniczego [ , ]
    • a
    • Miejsce wydania (P)
    • Warszawa :
    • b
    • Nazwa wydawcy (P)
    • Państwowe Zakłady Wydawnictw Szkolnych,
    • c
    • Data wydania (P)
    • 1966.
300 -Strefa opisu fizycznego [ , ]
    • a
    • Określenie formy książki i/lub objętość (NP)
    • 190, [1] s. :
    • b
    • Oznaczenie ilustracji (NP)
    • il. ;
    • c
    • Format (NP)
    • 22 cm.
336 -Typ zawartości [ , ]
    • a
    • Termin opisujący typ zawartości
    • Tekst
    • b
    • Kod określający zawartość
    • txt
    • 2
    • Źródło (terminu i kodu)
    • rdacontent
337 -Typ mediów [ , ]
    • a
    • Tryb odtwarzania
    • Bez urządzenia pośredniczącego
    • b
    • Kod typu mediów
    • n
    • 2
    • Źródło (terminu i kodu)
    • rdamedia
338 -Typ/rodzaj nośnika [ , ]
    • a
    • Hasło opisujące typ nośnika
    • Wolumin
    • b
    • Kod typu nośnika
    • nc
    • 2
    • Źródło (terminu i kodu)
    • rdacarrier
490 -Strefa serii i książki wielotomowej - forma nie do wyszukiwania [1, ]
    • a
    • Tytuł (P)
    • Biblioteka Nauczyciela. C, Treść i Metody Wychowania ; Find
    • v
    • Numeracja (P)
    • 2
830 -Hasło dodatkowe serii i opisu książki wielotomowej - tytuł ujednolicony/tytuł [ ,0]
    • a
    • Tytuł ujednolicony/tytuł (NP)
    • Biblioteka Nauczyciela.
    • n
    • Oznaczenie części/podserii/sekcji (P)
    • C,
    • p
    • Nazwa części/podserii/sekcji (P)
    • Treść i Metody Wychowania
    • x
    • ISSN
    • 0523-4344
    • v
    • Oznaczenie tomu (NP)
    • 2
    • 9
    • KHW
    • 344757
504 -Uwaga dot. bibliogr. załącznikowej [ , ]
    • a
    • Uwaga dot. bibliografii załącznikowej
    • Bibliogr. s. 185-[191].
080 -Uniwersalna Klasyfikacja Dziesiętna [ , ]
    • a
    • Symbol klasyfikacji
    • 379.8
    • 2
    • Identyfikator wydania tablic
    • UDC-P058
    • 9
    • UKD
    • 3964
    • b
    • Dopowiedzenie
    • Wykorzystywanie wolnego czasu. Wpływ i oddziaływanie wolnego czasu na jednostkę, na społeczność, na przyrodę i środowisko.
    • 4
    • UKD2
    • 8130
    • x
    • Poddział wspólny
    • -053.2
    • c
    • Dopowiedzenie poddz. wspólnego
    • -Dzieci ogólnie.
    • 4
    • UKD2
    • 9150
    • x
    • Poddział wspólny
    • -053.6
    • c
    • Dopowiedzenie poddz. wspólnego
    • -Młodzież. Młodociani. Nieletni.
650 -Hasło przedmiotowe [ ,7]
    • a
    • Hasło przedmiotowe
    • Czas wolny.
    • 2
    • Źródło terminu
    • kaba
    • 9
    • KHW
    • 105414
650 -Hasło przedmiotowe [ ,7]
    • a
    • Hasło przedmiotowe
    • Dzieci
    • x
    • Określnik rzeczowy
    • rekreacja.
    • 2
    • Źródło terminu
    • kaba
    • 9
    • KHW
    • 106867
650 -Hasło przedmiotowe [ ,7]
    • a
    • Hasło przedmiotowe
    • Młodzież
    • x
    • Określnik rzeczowy
    • rekreacja.
    • 2
    • Źródło terminu
    • kaba
    • 9
    • KHW
    • 120344
980 -Symbol UKD [ , ]
    • a
    • UKD
    • 379.8-053.2-053.6
710 -Hasło dodatkowe - nazwa ciała zbiorowego [2, ]
    • a
    • Nazwa ciała zbiorowego lub nazwa geograficzna jako pierwszy element (NP)
    • Państwowe Zakłady Wydawnictw Szkolnych.
    • 4
    • Kod relacji
    • pbl
    • 9
    • KHW
    • 55158
Sygnatura Lokalizacja Data inwentaryzacji Uwagi nie widoczne w OPAC Status udost. Numer inwentarzowy
 BG2004-10-26 1Pd.16452
 BG  -3SN.30934
 BG1998-11-20 -3Pd.1785
 BM  1WF.3386
 BNS1999-01-08 1Pd.11887
 BNS2004-09-13 1Pd.16327
37/D 11BNS retrokonwersja ANS1ANS.98695